[Event "Euro Online U2300 Day 1"]
[Site "chess.com INT"]
[Date "2020.05.25"]
[Round "4"]
[White "Gevorgyan, Maria"]
[Black "Burkhardt, Holger"]
[Result "1/2-1/2"]
[WhiteTitle "WGM"]
[WhiteElo "2228"]
[BlackElo "1987"]
[WhiteFideId "13300270"]
[BlackFideId "4619145"]
[EventDate "2020.05.25"]

1. e4 d6 2. d4 Nf6 3. Nc3 e5 4. Nf3 Nbd7 5. Bc4 Be7 6. O-O O-O 7. h3 c6 8. Bb3
b5 9. a3 a6 10. dxe5 dxe5 11. Qe2 Qc7 12. Be3 Nc5 13. Bxc5 Bxc5 14. Kh1 Nh5 15.
Ng1 Nf4 16. Qf3 Kh8 17. Rad1 f5 18. Qg3 Bd4 19. Nf3 Bxc3 20. bxc3 fxe4 21. Ng5
c5 22. Nf7+ Kg8 23. Nh6+ Kh8 24. Nf7+ Kg8 25. Nh6+ Kh8 26. Nf7+ 1/2-1/2

[Event "Euro Online U2300 Day 1"]
[Site "chess.com INT"]
[Date "2020.05.25"]
[Round "4"]
[White "Gunduz, Umut Erdem"]
[Black "Pruefer, Friedbert"]
[Result "1/2-1/2"]
[WhiteTitle "FM"]
[WhiteElo "2137"]
[BlackElo "2249"]
[WhiteFideId "6381383"]
[BlackFideId "24699772"]
[EventDate "2020.05.25"]

1. e4 d6 2. d4 Nf6 3. Nc3 g6 4. f4 Bg7 5. Nf3 O-O 6. e5 dxe5 7. fxe5 Nd5 8. Bc4
Be6 9. Nxd5 Bxd5 10. Bxd5 Qxd5 11. Qe2 c5 12. c4 Qd7 13. d5 e6 14. d6 f6 15. Bf4
Nc6 16. O-O-O fxe5 17. Bxe5 Nxe5 18. Nxe5 Bxe5 19. Qxe5 Rf5 20. Qe4 Raf8 21.
Rhe1 R8f6 22. g4 Rf2 23. g5 R2f4 24. gxf6 Rxe4 25. Rxe4 Kf7 26. Rf4 g5 27. Rff1
h5 28. Kd2 Qxd6+ 29. Kc1 Qc7 30. Rd2 g4 31. Re2 h4 32. b3 h3 33. Kd2 g3 34. hxg3
Qxg3 35. Rff2 Qd6+ 36. Ke1 Qd3 37. Rd2 Qb1+ 38. Ke2 Qe4+ 39. Kd1 Qb1+ 40. Ke2
Qe4+ 41. Kf1 Qh1+ 42. Ke2 Qe4+ 1/2-1/2

[Event "Euro Online U2300 Day 1"]
[Site "chess.com INT"]
[Date "2020.05.25"]
[Round "4"]
[White "Lagumina, Giulio"]
[Black "Buehler, Michael"]
[Result "1-0"]
[WhiteTitle "FM"]
[WhiteElo "2199"]
[BlackElo "2087"]
[WhiteFideId "800619"]
[BlackFideId "1326490"]
[EventDate "2020.05.25"]

1. e4 e5 2. Nf3 Nc6 3. Bc4 Nf6 4. Ng5 d5 5. exd5 Na5 6. Bb5+ c6 7. dxc6 bxc6 8.
Qf3 Be7 9. Bd3 O-O 10. Nc3 h6 11. Nge4 Nd5 12. Ng3 g6 13. O-O f5 14. Re1 Qd6 15.
b3 Nxc3 16. dxc3 e4 17. Nxe4 fxe4 18. Qxe4 Bf5 19. Qxe7 Rae8 20. Qxd6 Rxe1+ 21.
Bf1 Bxc2 22. Ba3 1-0

[Event "Euro Online U2300 Day 1"]
[Site "chess.com INT"]
[Date "2020.05.25"]
[Round "4"]
[White "Delaney, Killian"]
[Black "Sedina, Elena"]
[Result "0-1"]
[WhiteTitle "FM"]
[BlackTitle "IM"]
[WhiteElo "2314"]
[BlackElo "2299"]
[WhiteFideId "2501570"]
[BlackFideId "812153"]
[EventDate "2020.05.25"]

1. e4 e6 2. d4 d5 3. Nd2 c5 4. exd5 exd5 5. Ngf3 Nc6 6. Bb5 Bd6 7. dxc5 Bxc5 8.
O-O Ne7 9. Nb3 Bd6 10. Re1 O-O 11. h3 h6 12. c3 Nf5 13. Bd3 Bc7 14. Bc2 Qd6 15.
Qd3 g6 16. Bd2 h5 17. Re2 a5 18. Rae1 a4 19. Nbd4 Nfxd4 20. cxd4 Bf5 21. Qc3
Bxc2 22. Qxc2 Nxd4 0-1

[Event "Euro Online U2300 Day 1"]
[Site "chess.com INT"]
[Date "2020.05.25"]
[Round "4"]
[White "Nareks, Matic"]
[Black "Tsereteli, Tornike"]
[Result "0-1"]
[WhiteElo "2015"]
[BlackElo "1735"]
[WhiteFideId "14629526"]
[BlackFideId "13612565"]
[EventDate "2020.05.25"]

1. e4 e6 2. d4 d5 3. Nd2 Nf6 4. e5 Nfd7 5. Bd3 c5 6. c3 Nc6 7. Ne2 cxd4 8. cxd4
f6 9. exf6 Nxf6 10. O-O Bd6 11. Nf3 O-O 12. Bf4 Bxf4 13. Nxf4 Ne4 14. Nh5 g6 15.
Ng3 Nxg3 16. hxg3 Qb6 17. Bc2 Bd7 18. Re1 Rac8 19. Bb3 a5 20. Rc1 Qb4 21. a3 Qd6
22. Qd2 b5 23. Ne5 Nxe5 24. Rxe5 Rxc1+ 25. Qxc1 b4 26. axb4 Qxb4 27. Qc3 Qxc3
28. bxc3 Rb8 29. Bc2 a4 30. Re1 Rb2 31. Bd3 Rd2 32. Bf1 a3 33. Ra1 a2 34. f4 Ba4
35. Kh2 Bb3 36. Kh3 Rd1 37. Rxd1 Bxd1 0-1

[Event "Euro Online U2300 Day 1"]
[Site "chess.com INT"]
[Date "2020.05.25"]
[Round "4"]
[White "Ismayilov, Firuz"]
[Black "Hansen, Carsten"]
[Result "1/2-1/2"]
[BlackTitle "FM"]
[WhiteElo "1590"]
[BlackElo "2270"]
[WhiteFideId "13416561"]
[BlackFideId "1400444"]
[EventDate "2020.05.25"]

1. d4 Nf6 2. Nf3 d6 3. c4 Nbd7 4. Nc3 e5 5. e4 Be7 6. h3 O-O 7. Be3 c6 8. Be2 a6
9. O-O b5 10. dxe5 dxe5 11. cxb5 axb5 12. a3 Re8 13. Qc2 Bb7 14. Rfd1 Qc8 15.
Rac1 Bf8 16. Qb3 Qb8 17. Ng5 Re7 18. a4 h6 19. Nf3 bxa4 20. Nxa4 Nxe4 21. Rxd7
Rxd7 22. Nb6 Rd8 23. Nxa8 Bxa8 24. Qxb8 Rxb8 25. Nxe5 Rxb2 26. Bf3 Nd2 27. Bxd2
Rxd2 28. Nxc6 Bxc6 29. Bxc6 Bd6 30. Be4 g6 31. g3 1/2-1/2

[Event "Euro Online U2300 Day 1"]
[Site "chess.com INT"]
[Date "2020.05.25"]
[Round "4"]
[White "Martian, Dragos-Daniel"]
[Black "Schneider, Jana"]
[Result "1-0"]
[BlackTitle "FM"]
[WhiteElo "2241"]
[BlackElo "2270"]
[WhiteFideId "1203606"]
[BlackFideId "12924997"]
[EventDate "2020.05.25"]

1. e4 e6 2. d4 d5 3. Nd2 c5 4. c3 cxd4 5. cxd4 dxe4 6. Nxe4 Nc6 7. Nf3 Nf6 8.
Nc3 Bb4 9. Bd3 O-O 10. O-O b6 11. a3 Be7 12. Be3 Bb7 13. Qe2 Rc8 14. Rad1 Qc7
15. Rfe1 Rfd8 16. Bb1 Na5 17. Ne5 Nc4 18. Nb5 Qb8 19. Nxc4 Rxc4 20. Qxc4 Ng4 21.
Qc7 Qa8 22. Qxe7 Bxg2 23. Nc7 Qc8 24. Kxg2 Qb7+ 25. d5 Rc8 26. Bf4 exd5 27. Bf5
d4+ 28. Kg1 Ne5 29. Rxe5 1-0

[Event "Euro Online U2300 Day 1"]
[Site "chess.com INT"]
[Date "2020.05.25"]
[Round "4"]
[White "Bazakutsa, Svyatoslav"]
[Black "Zasukhin, Vadim"]
[Result "1-0"]
[WhiteElo "1966"]
[BlackElo "2274"]
[WhiteFideId "14198525"]
[BlackFideId "4123450"]
[EventDate "2020.05.25"]

1. c4 e5 2. g3 f5 3. d4 exd4 4. Nf3 c5 5. e3 dxe3 6. Bxe3 Nf6 7. Nc3 Be7 8. Bg2
O-O 9. O-O Nc6 10. Re1 d6 11. Qc2 Re8 12. Rad1 Qb6 13. a3 a6 14. b4 Qc7 15. Nd5
Nxd5 16. cxd5 Na7 17. bxc5 dxc5 18. Bxc5 b6 19. Rxe7 Rxe7 20. d6 Qxc5 21. Qxc5
bxc5 22. dxe7 1-0

[Event "Euro Online U2300 Day 1"]
[Site "chess.com INT"]
[Date "2020.05.25"]
[Round "4"]
[White "Kabanova, Ekaterina"]
[Black "Ibrahimli, Murad"]
[Result "0-1"]
[WhiteTitle "WFM"]
[BlackTitle "IM"]
[WhiteElo "2138"]
[BlackElo "2436"]
[WhiteFideId "24112917"]
[BlackFideId "13410229"]
[EventDate "2020.05.25"]

1. c4 Nf6 2. Nf3 g6 3. Nc3 Bg7 4. d4 d6 5. e4 O-O 6. h3 e5 7. d5 Na6 8. Bd3 Nc5
9. Bc2 a5 10. g4 h5 11. g5 Nh7 12. Be3 b6 13. a3 f5 14. gxf6 Qxf6 15. Nd2 Bh6
16. Qe2 Bxe3 17. fxe3 Qh4+ 18. Kd1 Bg4 19. hxg4 Qxh1+ 20. Qe1 Qxe1+ 21. Kxe1
hxg4 22. Ke2 Kg7 23. Rg1 Nf6 24. b4 axb4 25. axb4 Na6 26. Na2 Rh8 27. Rg2 Rh1
28. Nb3 Nc5 29. Nxc5 Rxa2 30. Ne6+ Kg8 31. Kd3 Rd1+ 32. Kc3 Rc1 33. Kb3 Rcxc2
34. Rxc2 Rxc2 35. Kxc2 g3 36. Ng5 g2 37. Nf3 Nxe4 38. Ng1 g5 39. Kd3 Ng3 40. c5
bxc5 41. bxc5 Kf7 42. Kc4 Ke7 43. Kb5 Kd7 44. c6+ Kd8 45. Kc4 g4 46. Kd3 e4+ 47.
Kd2 Nf5 48. Ke2 g3 49. Kd2 Nh4 50. Kc3 Nf3 51. Ne2 g1=Q 52. Nxg1 Nxg1 53. Kd4
Ne2+ 54. Kxe4 g2 55. Kf3 g1=Q 56. Kxe2 Qg2+ 57. Kd3 Qxd5+ 58. Ke2 Qxc6 59. Kd3
d5 60. e4 Qc4+ 61. Ke3 Qxe4+ 62. Kd2 d4 63. Kd1 Qg2 64. Kc1 d3 65. Kb1 Qc2+ 66.
Ka1 Qc3+ 67. Kb1 d2 68. Ka2 d1=N 69. Kb1 Qb2# 0-1

[Event "Euro Online U2300 Day 1"]
[Site "chess.com INT"]
[Date "2020.05.25"]
[Round "4"]
[White "Abbasov, Amil1"]
[Black "Verbin, Valentina"]
[Result "1-0"]
[WhiteElo "2172"]
[BlackElo "1982"]
[WhiteFideId "13402277"]
[BlackFideId "13905910"]
[EventDate "2020.05.25"]

1. e4 c5 2. Nf3 d6 3. Bb5+ Nd7 4. O-O a6 5. Bxd7+ Bxd7 6. d4 cxd4 7. Qxd4 e5 8.
Qd3 h6 9. c4 b5 10. b3 Nf6 11. Nc3 Be7 12. a4 bxc4 13. bxc4 Rc8 14. Ba3 Qc7 15.
Nd2 Be6 16. Nd5 Bxd5 17. cxd5 O-O 18. Rfc1 Qb6 19. Nc4 Qa7 20. Nxd6 Qd4 21. Qxd4
exd4 22. Nxc8 1-0

[Event "Euro Online U2300 Day 1"]
[Site "chess.com INT"]
[Date "2020.05.25"]
[Round "4"]
[White "Afanasiev, Dmitry2"]
[Black "Talibov, Shiroghlan"]
[Result "1-0"]
[WhiteElo "2175"]
[BlackElo "2128"]
[WhiteFideId "4131347"]
[BlackFideId "13429078"]
[EventDate "2020.05.25"]

1. c4 f5 2. Nc3 Nf6 3. d4 e6 4. e3 d5 5. Bd3 c6 6. Qc2 Bd6 7. Nge2 O-O 8. Bd2
Na6 9. a3 Nc7 10. O-O-O Bd7 11. f3 b5 12. c5 Be7 13. h3 a5 14. Na2 b4 15. a4 Bc8
16. Kb1 b3 17. Qxb3 Ba6 18. Nec1 Bxd3+ 19. Nxd3 Nd7 20. Qb7 Nb8 21. Ne5 Ra6 22.
Nc1 Bf6 23. Ncd3 Re8 24. Rc1 Re7 25. Be1 Nb5 26. Qxa6 Nxa6 27. Nxc6 Qe8 28. axb5
Rc7 29. Bxa5 Rxc6 30. bxc6 Qxc6 31. Nb4 Qb5 32. Nxa6 Qxa5 33. c6 Qxa6 34. c7 Qc8
35. Rc6 e5 36. Rhc1 exd4 37. Rb6 Kf7 38. Rb8 Qa6 39. c8=Q Qd3+ 40. Qc2 Qxe3 41.
Qxf5 Qe7 42. Rbc8 1-0

[Event "Euro Online U2300 Day 1"]
[Site "chess.com INT"]
[Date "2020.05.25"]
[Round "4"]
[White "Pniaczek, Marek"]
[Black "Manukyan, Artyom"]
[Result "0-1"]
[WhiteTitle "CM"]
[WhiteElo "2102"]
[BlackElo "2148"]
[WhiteFideId "21800421"]
[BlackFideId "13305786"]
[EventDate "2020.05.25"]

1. e4 e5 2. Nf3 Nc6 3. Bb5 a6 4. Ba4 Nf6 5. O-O Be7 6. Re1 b5 7. Bb3 O-O 8. c3
d6 9. h3 Bb7 10. d4 Re8 11. Nbd2 Bf8 12. Nf1 exd4 13. cxd4 Na5 14. Bc2 Nxe4 15.
d5 Nf6 16. Rxe8 Qxe8 17. Ne3 Nc4 18. Qd3 Nxe3 19. Bxe3 Bxd5 20. Bg5 Be4 21. Qc3
Bxc2 22. Qxc2 Nd5 23. Rd1 c6 24. Nd4 Rc8 25. Qb3 h6 26. Bh4 Nb6 27. Nf5 Qe4 28.
g4 Nc4 29. Rd4 Qe1+ 30. Kg2 Nd2 31. Qd3 Nc4 32. Re4 Qd2 33. Qf3 Qd5 34. Ne3
Nxe3+ 35. Qxe3 Re8 36. f3 Rxe4 37. fxe4 Qxa2 38. g5 0-1

[Event "Euro Online U2300 Day 1"]
[Site "chess.com INT"]
[Date "2020.05.25"]
[Round "4"]
[White "Papp, Petra"]
[Black "Nilsson, Joakim 2000"]
[Result "1-0"]
[WhiteTitle "WGM"]
[BlackTitle "FM"]
[WhiteElo "2338"]
[BlackElo "2215"]
[WhiteFideId "739049"]
[BlackFideId "1723383"]
[EventDate "2020.05.25"]

1. e4 c6 2. d4 d5 3. Nd2 dxe4 4. Nxe4 Nf6 5. Nxf6+ exf6 6. c3 Bd6 7. Bd3 O-O 8.
Ne2 Re8 9. O-O Nd7 10. Bf4 Nf8 11. Bxd6 Qxd6 12. Qd2 Ng6 13. Rfe1 Be6 14. c4
Rad8 15. b4 Bg4 16. f3 Bc8 17. a4 b6 18. a5 c5 19. axb6 axb6 20. bxc5 bxc5 21.
d5 Re5 22. Ng3 Rde8 23. Bf1 h5 24. Nxh5 Qe7 25. Kf2 f5 26. Rxe5 Qh4+ 27. g3
Qxh2+ 28. Bg2 Nxe5 29. Rh1 Nxc4 30. Qa2 Qxh1 31. Bxh1 Ne3 32. Qa1 f6 33. Qa7
Nd1+ 34. Kf1 Ne3+ 35. Kg1 1-0

[Event "Euro Online U2300 Day 1"]
[Site "chess.com INT"]
[Date "2020.05.25"]
[Round "4"]
[White "Hansch, Karsten"]
[Black "Petrovic, Zvonko"]
[Result "1-0"]
[WhiteTitle "FM"]
[BlackTitle "FM"]
[WhiteElo "2300"]
[BlackElo "2145"]
[WhiteFideId "24692239"]
[BlackFideId "14500914"]
[EventDate "2020.05.25"]

1. e4 c5 2. Nf3 Nc6 3. Bb5 Qb6 4. Nc3 e6 5. Bxc6 Qxc6 6. d4 cxd4 7. Nxd4 Qc7 8.
O-O a6 9. Re1 d6 10. Bg5 h6 11. Bh4 Be7 12. Bxe7 Nxe7 13. a4 O-O 14. Re3 e5 15.
Nde2 Be6 16. Qd2 Rac8 17. Rd3 Rfd8 18. Rd1 Bc4 19. Rg3 Kh7 20. b3 Be6 21. Rd3 b6
22. Rxd6 b5 23. Rxd8 1-0

[Event "Euro Online U2300 Day 1"]
[Site "chess.com INT"]
[Date "2020.05.25"]
[Round "4"]
[White "Pogorelskikh, Sergey"]
[Black "Stepanov, Artem"]
[Result "1/2-1/2"]
[WhiteTitle "FM"]
[WhiteElo "2218"]
[BlackElo "1622"]
[WhiteFideId "4187024"]
[BlackFideId "34253769"]
[EventDate "2020.05.25"]

1. e4 c5 2. Nf3 Nc6 3. d4 cxd4 4. Nxd4 e5 5. Nb5 a6 6. Nd6+ Bxd6 7. Qxd6 Qf6 8.
Qxf6 Nxf6 9. Bd3 d5 10. exd5 Nxd5 11. O-O f5 12. Re1 Kf7 13. Bc4 Be6 14. Nd2
Ndb4 15. Bxe6+ Kxe6 16. Rb1 Nxc2 17. Rf1 h6 18. b3 Rac8 19. Bb2 N2d4 20. Rfe1
Rhd8 21. Nc4 b5 22. Nxe5 Nxe5 23. f4 Rc5 24. fxe5 Rxe5 25. Rxe5+ Kxe5 26. Re1+
Kf6 27. Rd1 Ke5 28. Re1+ Kf6 29. Rd1 Ke5 30. Re1+ 1/2-1/2

[Event "Euro Online U2300 Day 1"]
[Site "chess.com INT"]
[Date "2020.05.25"]
[Round "4"]
[White "Potapenko, Denis"]
[Black "Canal Oliveras, Joan"]
[Result "1-0"]
[WhiteElo "2150"]
[BlackElo "2205"]
[WhiteFideId "4132769"]
[BlackFideId "2211394"]
[EventDate "2020.05.25"]

1. d4 d5 2. Nc3 Nf6 3. Bg5 Nbd7 4. Nf3 g6 5. e3 Bg7 6. Bd3 O-O 7. O-O b6 8. Re1
c5 9. e4 cxd4 10. Nxd4 Bb7 11. exd5 Rc8 12. Bb5 Rc5 13. Nc6 Bxc6 14. Bxc6 Nb8
15. Be3 Rxc3 16. bxc3 Ne4 17. Bd4 Nxc3 18. Qd3 Nxc6 19. Bxg7 1-0

[Event "Euro Online U2300 Day 1"]
[Site "chess.com INT"]
[Date "2020.05.25"]
[Round "4"]
[White "Rahal, Michael A"]
[Black "Stoleriu, George"]
[Result "1-0"]
[WhiteTitle "IM"]
[BlackTitle "FM"]
[WhiteElo "2333"]
[BlackElo "2349"]
[WhiteFideId "404691"]
[BlackFideId "1227505"]
[EventDate "2020.05.25"]

1. e4 e6 2. d4 d5 3. Nc3 Bb4 4. e5 c5 5. a3 Bxc3+ 6. bxc3 Qc7 7. Nf3 Ne7 8. a4
b6 9. Bb5+ Bd7 10. Bd3 Nbc6 11. O-O h6 12. Ba3 Na5 13. dxc5 bxc5 14. Re1 O-O 15.
h3 Bxa4 16. Nh2 Bd7 17. Qh5 Nc4 18. Bxc4 dxc4 19. Ng4 Nf5 20. Ne3 Nxe3 21. Rxe3
Rab8 22. Rae1 Ba4 23. Rg3 Kh7 24. Bc1 f6 25. Bxh6 gxh6 26. Rg6 Qg7 27. Rxg7+
Kxg7 28. Qg4+ Kf7 1-0

[Event "Euro Online U2300 Day 1"]
[Site "chess.com INT"]
[Date "2020.05.25"]
[Round "4"]
[White "Tomilova, Elena"]
[Black "Timoshin, Andrei"]
[Result "1-0"]
[WhiteTitle "WGM"]
[WhiteElo "2353"]
[BlackElo "2132"]
[WhiteFideId "4162340"]
[BlackFideId "4503503"]
[EventDate "2020.05.25"]

1. c4 e5 2. g3 Nf6 3. Bg2 Nc6 4. Nc3 Bb4 5. e4 Bxc3 6. bxc3 d6 7. Ne2 O-O 8. O-O
Be6 9. d3 Qc8 10. f4 Bh3 11. f5 Bxg2 12. Kxg2 a6 13. a4 Rb8 14. Rb1 Qd7 15. h3
Na5 16. Bg5 Ne8 17. f6 b5 18. axb5 axb5 19. cxb5 Rxb5 20. Qa4 Rxb1 21. Qxd7 Rb2
22. Rf2 Nb7 23. Qg4 g6 24. Bh6 Nc5 25. Bxf8 Kxf8 26. Nc1 Rb1 27. Qd1 Nb3 28.
Qxb3 1-0

[Event "Euro Online U2300 Day 1"]
[Site "chess.com INT"]
[Date "2020.05.25"]
[Round "4"]
[White "Chalus, Karel"]
[Black "Ruzicka, Ales"]
[Result "0-1"]
[WhiteElo "2044"]
[BlackElo "2108"]
[WhiteFideId "311723"]
[BlackFideId "325252"]
[EventDate "2020.05.25"]

1. e4 c5 2. Nf3 d6 3. d4 cxd4 4. Nxd4 Nf6 5. Nc3 a6 6. Be2 e5 7. Nb3 Be7 8. g4
Be6 9. Rg1 b5 10. a3 Nfd7 11. Be3 Nb6 12. Nd2 N8d7 13. f4 exf4 14. Bxf4 Bh4+ 15.
Bg3 Ne5 16. Nf1 Rc8 17. Qd4 Bxg3+ 18. Rxg3 Nbc4 19. O-O-O O-O 20. Ne3 Nxe3 21.
Qxe3 Qc7 22. Qd4 Rfd8 23. h4 Nc6 24. Qd2 d5 25. Nxd5 Qxg3 26. Ne7+ Kf8 27. Nxc8
Rxd2 28. Rxd2 Bxc8 0-1

[Event "Euro Online U2300 Day 1"]
[Site "chess.com INT"]
[Date "2020.05.25"]
[Round "4"]
[White "Brehovsky, Paul"]
[Black "Fedorov, Evgueny"]
[Result "0-1"]
[BlackTitle "FM"]
[WhiteElo "2149"]
[BlackElo "2236"]
[WhiteFideId "1616463"]
[BlackFideId "4188004"]
[EventDate "2020.05.25"]

1. d4 Nf6 2. c4 e6 3. Nf3 b6 4. g3 Bb7 5. Bg2 Be7 6. O-O O-O 7. d5 exd5 8. Nh4
c6 9. cxd5 Nxd5 10. Nf5 Nc7 11. e4 d5 12. exd5 Nxd5 13. Bxd5 cxd5 14. Qg4 Bf6
15. Bh6 Bc8 16. Bc1 Qd7 17. Nh6+ Kh8 18. Qf3 Nc6 19. Nc3 Nd4 20. Qxd5 Ne2+ 21.
Kg2 0-1

[Event "Euro Online U2300 Day 1"]
[Site "chess.com INT"]
[Date "2020.05.25"]
[Round "4"]
[White "Gardet, Thomas"]
[Black "Mostbauer, Florian"]
[Result "0-1"]
[BlackTitle "FM"]
[WhiteElo "2023"]
[BlackElo "2309"]
[WhiteFideId "26088045"]
[BlackFideId "1626671"]
[EventDate "2020.05.25"]

1. e4 c6 2. d4 d5 3. exd5 cxd5 4. Bd3 Nc6 5. c3 Nf6 6. Bf4 Bg4 7. Qb3 Qc8 8. Nd2
e6 9. Ngf3 Be7 10. O-O Bh5 11. Ne5 Nxe5 12. Bxe5 O-O 13. Rae1 a6 14. Re3 Ng4 15.
Bxh7+ Kxh7 16. Rh3 g6 17. Qd1 f5 18. f3 Nxe5 19. dxe5 Qc5+ 20. Kh1 Qe3 21. Re1
Qd3 22. f4 Qxh3 0-1

[Event "Euro Online U2300 Day 1"]
[Site "chess.com INT"]
[Date "2020.05.25"]
[Round "4"]
[White "Denisenko, Denis"]
[Black "Podetti, Davide"]
[Result "0-1"]
[WhiteElo "2076"]
[BlackElo "2173"]
[WhiteFideId "4170652"]
[BlackFideId "893617"]
[EventDate "2020.05.25"]

1. d4 Nf6 2. Bf4 e6 3. e3 d5 4. Nf3 Bd6 5. Bg3 O-O 6. Bd3 c5 7. c3 Qc7 8. Nbd2
Nbd7 9. e4 cxd4 10. Nxd4 Nc5 11. Bc2 Bxg3 12. hxg3 dxe4 13. Qe2 e5 14. N4b3 Nd3+
15. Bxd3 exd3 16. Qxd3 Be6 17. Ne4 Nxe4 18. Qxe4 f5 19. Qh4 h6 20. O-O Rad8 21.
Rad1 Kh7 22. Qb4 b6 23. Rfe1 Rxd1 24. Rxd1 Rd8 25. Rxd8 Qxd8 26. Qb5 Qd6 27. c4
Qd1+ 28. Kh2 Qe2 29. c5 Qxb5 0-1

[Event "Euro Online U2300 Day 1"]
[Site "chess.com INT"]
[Date "2020.05.25"]
[Round "4"]
[White "Gloser, David"]
[Black "Vega Gomez, Francisco B."]
[Result "1-0"]
[BlackTitle "FM"]
[WhiteElo "2228"]
[BlackElo "2272"]
[WhiteFideId "381420"]
[BlackFideId "2268086"]
[EventDate "2020.05.25"]

1. e4 e5 2. f4 exf4 3. Nf3 Ne7 4. Bc4 c6 5. d4 Ng6 6. Nc3 Be7 7. O-O O-O 8. Ne5
Nxe5 9. dxe5 b5 10. Bb3 a5 11. a4 b4 12. Ne2 Na6 13. Nxf4 Nc5 14. Nh5 Nxb3 15.
cxb3 d5 16. Qf3 dxe4 17. Qg3 g6 18. Nf6+ Bxf6 19. exf6 Re8 20. Be3 Qd5 21. Rac1
Qe5 22. Qh4 h5 23. Rc5 Qd6 24. Rxh5 gxh5 25. Qg5+ Kf8 26. Qg7# 1-0

[Event "Euro Online U2300 Day 1"]
[Site "chess.com INT"]
[Date "2020.05.25"]
[Round "4"]
[White "Xylogiannopoulos, Antonios"]
[Black "Stamatovic, Aleksandar"]
[Result "1-0"]
[WhiteElo "2267"]
[BlackElo "2165"]
[WhiteFideId "4215133"]
[BlackFideId "928526"]
[EventDate "2020.05.25"]

1. e4 d5 2. exd5 Nf6 3. d4 Nxd5 4. Nf3 g6 5. Be2 Bg7 6. c4 Nb6 7. c5 Nd5 8. Nc3
O-O 9. O-O c6 10. Bc4 b6 11. Bxd5 cxd5 12. cxb6 axb6 13. Qb3 Bb7 14. Be3 e6 15.
Bg5 f6 16. Bh4 Nc6 17. Rfe1 Qd7 18. Qxb6 e5 19. dxe5 Nxe5 20. Nxe5 fxe5 21. Bg3
d4 22. Ne4 Ra6 23. Nc5 Rxb6 24. Nxd7 Rxb2 25. Nxf8 Kxf8 26. Bxe5 Bxe5 27. Rxe5
d3 28. a4 d2 29. Rb5 Rc2 30. Rbb1 Ba6 31. a5 Be2 32. h3 h5 33. Kh2 h4 34. g3 g5
35. gxh4 gxh4 36. a6 Bxa6 37. Rxa6 Rc1 38. Rb8+ Ke7 39. Rb7+ Kd8 40. Ra8+ Rc8
41. Rxc8+ Kxc8 42. Rb1 1-0

[Event "Euro Online U2300 Day 1"]
[Site "chess.com INT"]
[Date "2020.05.25"]
[Round "4"]
[White "Bosboom, Ardin"]
[Black "Ionescu, Cristian-Dan"]
[Result "1-0"]
[BlackTitle "FM"]
[WhiteElo "2005"]
[BlackElo "2287"]
[WhiteFideId "1046454"]
[BlackFideId "1200860"]
[EventDate "2020.05.25"]

1. d4 Nf6 2. c4 g6 3. f3 Bg7 4. e4 d6 5. Be3 O-O 6. Ne2 Nbd7 7. Qd2 c5 8. d5 Ne5
9. Nec3 e6 10. Na3 a6 11. Nc2 exd5 12. cxd5 b5 13. b4 Nfd7 14. Be2 a5 15. bxc5
b4 16. Nb5 Nxc5 17. Ncd4 Ba6 18. O-O Rb8 19. f4 Nxe4 20. Qc2 Bxb5 21. Bxb5 Nc3
22. fxe5 Nxb5 23. Nc6 Qc7 24. exd6 Nxd6 25. Rac1 Rbe8 26. Bg5 f6 27. Bf4 Qb6+
28. Kh1 Ne4 29. d6 Nc3 30. Qb3+ Kh8 31. Rxc3 Rc8 32. Rfc1 f5 33. R3c2 Rfe8 34.
d7 1-0

[Event "Euro Online U2300 Day 1"]
[Site "chess.com INT"]
[Date "2020.05.25"]
[Round "4"]
[White "Paulauskas, Andrius"]
[Black "Kucher, Kostyantyn"]
[Result "1-0"]
[WhiteElo "1904"]
[BlackElo "2006"]
[WhiteFideId "12807346"]
[BlackFideId "14195950"]
[EventDate "2020.05.25"]

1. e4 c5 2. Ne2 Nc6 3. g3 g6 4. Bg2 Bg7 5. O-O e5 6. Nbc3 Nge7 7. Nd5 d6 8. d3
O-O 9. f4 f5 10. c3 Be6 11. h3 Qd7 12. Kh2 Bf7 13. Be3 Nxd5 14. exd5 Ne7 15. Qd2
Nxd5 16. Bg1 exf4 17. Nxf4 Nxf4 18. gxf4 Rac8 19. Rae1 d5 20. d4 c4 21. Re5 Bxe5
22. dxe5 Be6 23. Bxa7 Ra8 24. Bc5 Rfc8 25. Bd6 Rxa2 26. Bxd5 Qf7 27. Bxe6 Qxe6
28. Ba3 Ra8 29. Kg3 Qc6 30. e6 R8xa3 31. Qd8+ Kg7 32. Qe7+ Kh6 33. Kh4 Ra8 34.
Rd1 Qb6 35. Qg5+ Kg7 36. Rd7+ Kg8 37. Qh6 Qf2+ 38. Kg5 Qg3+ 39. Kf6 Rf8+ 40.
Qxf8+ Kxf8 41. Rd8# 1-0

[Event "Euro Online U2300 Day 1"]
[Site "chess.com INT"]
[Date "2020.05.25"]
[Round "4"]
[White "Maisuradze, Nino"]
[Black "Upero, Jussi"]
[Result "1-0"]
[WhiteTitle "WGM"]
[WhiteElo "2214"]
[BlackElo "2176"]
[WhiteFideId "13601717"]
[BlackFideId "504491"]
[EventDate "2020.05.25"]

1. d4 d5 2. c4 dxc4 3. e3 e5 4. Nf3 exd4 5. exd4 Bb4+ 6. Bd2 Nc6 7. Bxc4 Qe7+ 8.
Kf1 Nf6 9. d5 Na5 10. Bb5+ c6 11. dxc6 bxc6 12. Qa4 cxb5 13. Qxb5+ Bd7 14. Qxb4
Qxb4 15. Bxb4 Bb5+ 16. Kg1 Nc6 17. Ba3 O-O-O 18. Nc3 Ba6 19. Rc1 Kb7 20. h3 Rhe8
21. Kh2 Be2 22. Ng5 Bh5 23. Rhe1 Ne5 24. Nb5 h6 25. Nd6+ Rxd6 26. Bxd6 1-0